000 00541nam a2200169Ia 4500
001 11857
003 GE_BSU
008 181216s||||||||xx |||||||||||||| ||und||
040 _cGE_BSU
245 _aლიტერატურული პალიტრა №10. 2014. სექტემბერი
245 _cმთ.რედ.ზაალ ჩხეიძე
260 _aთბილისი
260 _c2014
300 _a174გვ.28სმ.
653 _aლიტერატურული პალიტრა
942 _cCR
999 _c45036
_d45036